Early modern Italy : 1550-1796 /
| Другие авторы: | |
|---|---|
| Формат: | |
| Язык: | English |
| Опубликовано: |
Oxford :
Oxford University Press,
2002 [reprinted 2010]
|
| Серии: | The short Oxford history of Italy
|
| Предметы: | |
| Online-ссылка: | Publisher description Table of contents only Contributor biographical information |
| Classic Catalogue: | View this record in Classic Catalogue |
| LEADER | 02392nam a2200409 a 4500 | ||
|---|---|---|---|
| 001 | 29417 | ||
| 003 | BD-DhAAL | ||
| 005 | 20150728112732.0 | ||
| 008 | 150728r20102002enkb b 001 0 eng | ||
| 010 | |a 2002514900 | ||
| 015 | |a GBA1-U9623 | ||
| 020 | |a 0198700415 | ||
| 020 | |a 9780198700425 | ||
| 020 | |a 0198700423 (pbk.) | ||
| 035 | |a (OCoLC)ocm48236798 | ||
| 040 | |a UKM |c UKM |d ORU |d XLM |d DLC |d BD-DhAAL | ||
| 042 | |a lccopycat | ||
| 043 | |a e-it--- | ||
| 050 | 0 | 0 | |a DG538 |b .E17 2002 |
| 082 | 0 | 4 | |a 945.07 |2 21 |
| 245 | 0 | 0 | |a Early modern Italy : |b 1550-1796 / |c edited by John A. Marino. |
| 260 | |a Oxford : |b Oxford University Press, |c 2002 [reprinted 2010] | ||
| 300 | |a xiii, 313 p. : |b maps ; |c 22 cm. | ||
| 490 | 4 | |a The short Oxford history of Italy | |
| 500 | |a Includes index. | ||
| 504 | |a "Further reading": p. [257]-280. | ||
| 505 | 0 | |a Introduction: on the grand tour / John A. Marino -- Politics and the state system after the Habsburg-Valois wars / Thomas J. Dandelet -- Religion, renewal, and reform in the sixteenth century / John Jeffries Martin -- Economic structures and transformations / John A. Marino -- Family and gender / Gianna Pomata -- The social world: cohesion, conflict, and the city / R. Burr Litchfield -- The political world of the absolutist state in the seventeenth and eighteenth centuries / Geoffry Symcox -- Religion, spirituality, and the post-Tridentine church / Anne Jacobson Schutte -- Mare magnum: the arts in the early modern age / Jon R. Snyder -- Science and society / Paula Findlen -- The ethnography of everyday life / David Gentilcore -- The public sphere and the organization of knowledge / Brendan Dooley -- Enlightenment and reform / Anna Maria Rao. | |
| 541 | |e 29417 | ||
| 651 | 0 | |a Italy |x History |y 1559-1789. |9 13289 | |
| 651 | 0 | |a Italy |x Intellectual life |y 1559-1789. |9 13290 | |
| 700 | 1 | |a Marino, John A. |9 13291 | |
| 856 | 4 | 2 | |3 Publisher description |u http://www.loc.gov/catdir/enhancements/fy0614/2002514900-d.html |
| 856 | 4 | 1 | |3 Table of contents only |u http://www.loc.gov/catdir/enhancements/fy0614/2002514900-t.html |
| 856 | 4 | 2 | |3 Contributor biographical information |u http://www.loc.gov/catdir/enhancements/fy0725/2002514900-b.html |
| 942 | |2 ddc |c BK | ||
| 999 | |c 35084 |d 35084 | ||
| 952 | |0 0 |1 0 |2 ddc |4 0 |6 945_070000000000000_EAR |7 0 |9 54989 |a BRACUL |b BRACUL |c GEN |d 2015-07-28 |l 0 |o 945.07 EAR |p 3010029417 |r 2015-07-28 |t 1 |w 2015-07-28 |y BK | ||